[Event "Bosnjaci op 19th"]
[Site "Bosnjaci"]
[Date "2014.01.04"]
[Round "3"]
[White "Saric, Sinisa"]
[Black "Matanovic, Zlatko"]
[Result "1-0"]
[WhiteElo "2406"]
[BlackElo "2009"]
[PlyCount "47"]
[EventDate "2014.01.03"]
[EventType "swiss"]
[EventRounds "9"]
[EventCountry "CRO"]
[SourceTitle "CBM 158 Extra"]
[Source "ChessBase"]
[SourceDate "2014.02.28"]
[SourceVersion "1"]
[SourceVersionDate "2014.02.28"]
[SourceQuality "1"]

1. d4 Nf6 2. c4 e6 3. Nc3 d5 4. cxd5 Nxd5 5. e4 Nxc3 6. bxc3 c5 7. Nf3 Be7 8. Bd3 0-0 9. 0-0 b6 10. Qe2 Bb7 11. Rd1 cxd4 12. cxd4 Nc6 13. Bb2 Rc8 14. d5 exd5 15. exd5 Nb4 16. Bf5 Rc5 17. Qe4 Rxd5 18. Rxd5 Bxd5 19. Bxh7+ Kh8 20. Qg4 Bf6 21. Qh5 Bxf3 22. gxf3 Bg5 23. Bf5+ Bh6 24. Bg6 1-0

[Event "CRO-chT2 East"]
[Site "Osijek"]
[Date "2010.10.31"]
[Round "11.22"]
[White "Matanovic, Zlatko"]
[Black "Cajzler, Hinko"]
[Result "1/2-1/2"]
[WhiteElo "2023"]
[BlackElo "2185"]
[PlyCount "22"]
[EventDate "2010.04.17"]
[EventType "team-tourn"]
[EventRounds "11"]
[EventCountry "CRO"]
[SourceTitle "EXT 2012"]
[Source "ChessBase"]
[SourceDate "2011.11.24"]
[SourceVersion "1"]
[SourceVersionDate "2011.11.24"]
[SourceQuality "1"]

1. d4 Nf6 2. c4 c5 3. d5 e6 4. Nc3 exd5 5. cxd5 d6 6. e4 g6 7. Bd3 Bg7 8. Nge2 a6 9. a4 Nbd7 10. 0-0 0-0 11. Ng3 Re8 1/2-1/2

[Event "CRO-chT2 East"]
[Site "Osijek"]
[Date "2010.04.25"]
[Round "6.52"]
[White "Matanovic, Zlatko"]
[Black "Martinovic, Slobodan"]
[Result "0-1"]
[WhiteElo "2023"]
[BlackElo "2438"]
[PlyCount "54"]
[EventDate "2010.04.17"]
[EventType "team-tourn"]
[EventRounds "11"]
[EventCountry "CRO"]
[SourceTitle "EXT 2012"]
[Source "ChessBase"]
[SourceDate "2011.11.24"]
[SourceVersion "1"]
[SourceVersionDate "2011.11.24"]
[SourceQuality "1"]

1. d4 Nf6 2. c4 c5 3. d5 b5 4. cxb5 a6 5. e3 g6 6. Nc3 Bg7 7. bxa6 0-0 8. Bc4 d6 9. Nge2 Nbd7 10. 0-0 Nb6 11. Bb5 Bxa6 12. Bxa6 Rxa6 13. Re1 Qa8 14. e4 Rb8 15. Qc2 Na4 16. f3 Nd7 17. h3 Ne5 18. b3 Nxc3 19. Nxc3 c4 20. bxc4 Nxc4 21. Rb1 Rc8 22. Rb3 Ra5 23. Qb1 Qa7+ 24. Kf1 Bf6 25. Ne2 Rxa2 26. Qd3 Bh4 27. Rc3 Qf2# 0-1

[Event "CRO-chT2 East"]
[Site "Osijek"]
[Date "2010.04.18"]
[Round "3.42"]
[White "Tarakcija, Hazim"]
[Black "Matanovic, Zlatko"]
[Result "1-0"]
[WhiteElo "2194"]
[BlackElo "2023"]
[PlyCount "87"]
[EventDate "2010.04.17"]
[EventType "team-tourn"]
[EventRounds "11"]
[EventCountry "CRO"]
[SourceTitle "EXT 2012"]
[Source "ChessBase"]
[SourceDate "2011.11.24"]
[SourceVersion "1"]
[SourceVersionDate "2011.11.24"]
[SourceQuality "1"]

1. d4 Nf6 2. Nf3 d5 3. c4 e6 4. g3 Be7 5. Bg2 b6 6. cxd5 exd5 7. 0-0 Bb7 8. Nc3 Nbd7 9. Bf4 a6 10. Rc1 Rc8 11. Ne5 0-0 12. Qb3 c6 13. Rfd1 Nxe5 14. Bxe5 Nd7 15. Bf4 b5 16. e4 Nb6 17. Bh3 Nc4 18. exd5 cxd5 19. Bxc8 Bxc8 20. Qc2 Bg4 21. Re1 Bg5 22. b3 Bxf4 23. gxf4 Qh4 24. Qd3 Nd6 25. Re5 Bf5 26. Qg3 Qh6 27. f3 Be6 28. Nxd5 g6 29. Ne7+ Kh8 30. Kf2 Re8 31. Rc7 Qg7 32. d5 Rxe7 33. Rxe7 Qf8 34. Rc7 Qd8 35. Rc1 Bf5 36. Kg1 h6 37. Qf2 Kh7 38. Rc6 Bh3 39. Qb6 Qf6 40. Rxd6 Qxf4 41. Qe3 Qb4 42. Rd8 Qa3 43. Rh8+ Kxh8 44. Qxh6+ 1-0

[Event "CRO-chT2 East"]
[Site "Osijek"]
[Date "2010.04.17"]
[Round "1.52"]
[White "Matanovic, Zlatko"]
[Black "Pandurevic, Miro"]
[Result "0-1"]
[WhiteElo "2023"]
[BlackElo "2294"]
[PlyCount "62"]
[EventDate "2010.04.17"]
[EventType "team-tourn"]
[EventRounds "11"]
[EventCountry "CRO"]
[SourceTitle "EXT 2012"]
[Source "ChessBase"]
[SourceDate "2011.11.24"]
[SourceVersion "1"]
[SourceVersionDate "2011.11.24"]
[SourceQuality "1"]

1. d4 Nf6 2. Nf3 g6 3. c4 d6 4. Nc3 Bg7 5. e4 0-0 6. Be2 Bg4 7. h3 Bxf3 8. Bxf3 Nc6 9. Be3 e5 10. d5 Nd4 11. Bxd4 exd4 12. Qxd4 Nxe4 13. Qd3 Nc5 14. Qc2 Re8+ 15. Ne2 Bxb2 16. Rb1 Be5 17. 0-0 Qh4 18. Rbe1 Re7 19. g3 Qxh3 20. Nf4 Qd7 21. Ng2 Rae8 22. Qd1 h5 23. g4 hxg4 24. Bxg4 f5 25. Be2 Bc3 26. Nf4 Re4 27. Nd3 Nxd3 28. Qxd3 Bxe1 29. Rxe1 Qe7 30. Kf1 Qh4 31. Qg3 Qh1+ 0-1

[Event "Bosnjaci op 14th"]
[Site "Bosnjaci"]
[Date "2009.01.04"]
[Round "2"]
[White "Matanovic, Zlatko"]
[Black "Ljikar, Zoran"]
[Result "0-1"]
[WhiteElo "2038"]
[BlackElo "2204"]
[PlyCount "78"]
[EventDate "2009.01.03"]
[EventType "swiss"]
[EventRounds "9"]
[EventCountry "CRO"]
[SourceTitle "CBM 128 Extra"]
[Source "ChessBase"]
[SourceDate "2009.03.05"]
[SourceVersion "2"]
[SourceVersionDate "2009.03.25"]
[SourceQuality "1"]

1. d4 Nf6 2. c4 c5 3. d5 e6 4. Nc3 exd5 5. cxd5 g6 6. e4 d6 7. Bd3 Bg7 8. Nge2 0-0 9. 0-0 Na6 10. a3 Nc7 11. Bg5 h6 12. Bf4 Nh5 13. Be3 Rb8 14. Qd2 Kh7 15. f4 Nf6 16. h3 Nd7 17. Ng3 b5 18. f5 Ne5 19. Be2 Bd7 20. Nd1 Ne8 21. Nf2 h5 22. Nd3 Nc4 23. Qc1 Nxe3 24. fxg6+ Kxg6 25. Bxh5+ Kh7 26. Rf3 Nc4 27. Nf5 Bxf5 28. Rxf5 Bh6 29. Qe1 Ng7 30. Bg4 Nxf5 31. Bxf5+ Kg7 32. h4 Qf6 33. Qg3+ Kh8 34. Rf1 Rg8 35. Qh3 Qd4+ 36. Kh2 Ne3 37. Rf2 Qxd3 38. g4 Nxg4+ 39. Bxg4 Qxe4 0-1

[Event "Bosnjaci op 13th"]
[Site "Bosnjaci"]
[Date "2008.01.07"]
[Round "7"]
[White "Matanovic, Zlatko"]
[Black "Mutapcic, Ilija"]
[Result "0-1"]
[WhiteElo "2064"]
[BlackElo "1948"]
[PlyCount "52"]
[EventDate "2008.01.03"]
[EventType "swiss"]
[EventRounds "9"]
[EventCountry "CRO"]
[SourceTitle "CBM 122 Extra"]
[Source "ChessBase"]
[SourceDate "2008.03.04"]
[SourceVersion "1"]
[SourceVersionDate "2008.03.04"]
[SourceQuality "1"]

1. d4 d5 2. c4 e6 3. Nc3 Nf6 4. Bg5 c6 5. Nf3 Nbd7 6. e3 Bb4 7. Be2 Qa5 8. 0-0 Bxc3 9. bxc3 Qxc3 10. Rc1 Qa5 11. cxd5 cxd5 12. Qb3 0-0 13. Rc2 b6 14. Rfc1 Ba6 15. Bxa6 Qxa6 16. Rc7 Rac8 17. Bxf6 Nxf6 18. Ne5 Rxc7 19. Rxc7 Qe2 20. Qb1 Ne4 21. Rc2 Qa6 22. Rc7 f6 23. Nd3 Rc8 24. Rxc8+ Qxc8 25. Nf4 Nc3 26. Qc1 g5 0-1

[Event "Treber Memorial 1st"]
[Site "Vinkovci"]
[Date "2004.03.12"]
[Round "8"]
[White "Matanovic, Zlatko"]
[Black "Ascic, Pero"]
[Result "0-1"]
[WhiteElo "2149"]
[BlackElo "2317"]
[PlyCount "54"]
[EventDate "2004.03.06"]
[EventType "swiss"]
[EventRounds "9"]
[EventCountry "CRO"]
[SourceTitle "CBM 099 Extra"]
[Source "ChessBase"]
[SourceDate "2004.05.04"]
[SourceVersion "1"]
[SourceVersionDate "2004.05.04"]
[SourceQuality "1"]

1. e4 e5 2. Nf3 Nc6 3. Bc4 Nf6 4. Nc3 Nxe4 5. Nxe4 d5 6. Bxd5 Qxd5 7. Nc3 Qd8 8. d3 Bg4 9. h3 Bh5 10. g4 Bg6 11. Qe2 Bb4 12. Bd2 f6 13. 0-0-0 Qd7 14. Ne4 Be7 15. Kb1 0-0-0 16. Be3 Bf7 17. Nfd2 Rhe8 18. Nb3 b6 19. Rhe1 a5 20. Nc3 Bb4 21. Bd2 a4 22. Nxa4 Nd4 23. Nxd4 exd4 24. Qf3 Bd5 25. Qf5 Qxf5 26. gxf5 Bxd2 27. Rxe8 Rxe8 0-1

[Event "Treber Memorial 1st"]
[Site "Vinkovci"]
[Date "2004.03.07"]
[Round "3"]
[White "Goric, Esad"]
[Black "Matanovic, Zlatko"]
[Result "1-0"]
[WhiteElo "2385"]
[BlackElo "2149"]
[PlyCount "83"]
[EventDate "2004.03.06"]
[EventType "swiss"]
[EventRounds "9"]
[EventCountry "CRO"]
[SourceTitle "CBM 099 Extra"]
[Source "ChessBase"]
[SourceDate "2004.05.04"]
[SourceVersion "1"]
[SourceVersionDate "2004.05.04"]
[SourceQuality "1"]

1. c4 c5 2. Nc3 Nc6 3. g3 g6 4. Bg2 Bg7 5. Rb1 Nf6 6. a3 d6 7. b4 0-0 8. d3 Rb8 9. Bd2 Bd7 10. Nh3 e5 11. 0-0 a6 12. b5 Nd4 13. e3 Nf5 14. a4 Be6 15. Ng5 Bd7 16. Qb3 h6 17. Nge4 Be6 18. Nxf6+ Qxf6 19. bxa6 bxa6 20. Qxb8 Rxb8 21. Rxb8+ Kh7 22. Rfb1 Qg5 23. Ne4 Qh5 24. f3 Nh4 25. gxh4 Qxh4 26. Be1 Qh5 27. Bf2 g5 28. Nxd6 g4 29. fxg4 Qxg4 30. Ne8 Qg6 31. Nxg7 Bh3 32. Bg3 Bxg2 33. Kxg2 Qxd3 34. Ne8 Qe2+ 35. Bf2 Qg4+ 36. Kf1 Qxc4+ 37. Kg1 Qg4+ 38. Bg3 Qf3 39. R8b3 Kg6 40. Rf1 Qd5 41. Rb6+ Kg5 42. h4+ 1-0

[Event "Bosnjaci op 7th"]
[Site "Bosnjaci"]
[Date "2001.01.06"]
[Round "5"]
[White "Jankovic, Alojzije"]
[Black "Matanovic, Zlatko"]
[Result "1-0"]
[WhiteElo "2273"]
[BlackElo "2037"]
[PlyCount "97"]
[EventDate "2001.01.03"]
[EventType "swiss"]
[EventRounds "7"]
[EventCountry "CRO"]
[SourceTitle "CBM 080 Extra"]
[Source "ChessBase"]
[SourceDate "2001.03.08"]
[SourceVersion "1"]
[SourceVersionDate "2001.03.08"]
[SourceQuality "1"]

1. d4 Nf6 2. Nf3 c6 3. c4 d5 4. e3 h6 5. Nc3 Bg4 6. Qb3 b6 7. Ne5 e6 8. Qa4 Qc8 9. Nxg4 Nxg4 10. cxd5 exd5 11. Be2 Nf6 12. Bf3 Qd7 13. 0-0 Be7 14. Bd2 0-0 15. Rac1 b5 16. Qc2 a5 17. Ne2 Bd6 18. Rfe1 Re8 19. Nc3 Na6 20. e4 Nb4 21. Qb1 dxe4 22. Nxe4 Nxe4 23. Bxe4 Nd5 24. g3 a4 25. Qc2 Ra6 26. Qd3 Bf8 27. Qf3 Raa8 28. Kg2 a3 29. b3 b4 30. h4 Qd6 31. Rxc6 Qxc6 32. Bxd5 Qf6 33. Bxa8 Qxf3+ 34. Bxf3 Rd8 35. Be3 Bd6 36. Rc1 Be7 37. Bg4 Rd6 38. Rc8+ Kh7 39. Rc7 Bf6 40. Rc4 Rb6 41. d5 Rb5 42. Rc5 Rb6 43. Rc6 Rb7 44. Bf3 Be5 45. Rb6 Rxb6 46. Bxb6 Bd6 47. Be4+ g6 48. h5 f5 49. Bd3 1-0